[Event "Sabadell Coral Colon op 12th"]
[Site "Sabadell"]
[Date "2018.03.23"]
[Round "7"]
[White "Lopez Martinez, Angel I"]
[Black "Arcas Rodriguez, Jordi"]
[Result "1/2-1/2"]
[WhiteElo "1486"]
[BlackElo "1637"]
[PlyCount "59"]
[EventDate "2018.02.09"]
[EventType "swiss"]
[EventRounds "9"]
[EventCountry "ESP"]
[SourceTitle "EXT 2019"]
[Source "ChessBase"]
[SourceDate "2018.10.10"]
[SourceVersion "1"]
[SourceVersionDate "2018.10.10"]
[SourceQuality "1"]

1. e4 d6 2. d4 Nf6 3. Nc3 e5 4. dxe5 dxe5 5. Qxd8+ Kxd8 6. Bd3 Be6 7. f3 a6 8. Be3 Nc6 9. 0-0-0 Bd6 10. Nge2 Ke7 11. g4 h6 12. h4 Nd7 13. Ng3 g6 14. h5 g5 15. Nd5+ Kd8 16. Nf5 Bxf5 17. exf5 Ne7 18. Be4 Rb8 19. c4 Nxd5 20. Rxd5 Nf6 21. Rd3 Kc8 22. Rhd1 b6 23. Bc6 Rd8 24. c5 Be7 25. Rxd8+ Bxd8 26. Rd3 Be7 27. cxb6 cxb6 28. Rb3 Kc7 29. Rc3 Kd8 30. Rb3 1/2-1/2

[Event "Sabadell Coral Colon op 12th"]
[Site "Sabadell"]
[Date "2018.03.16"]
[Round "6"]
[White "Herrera Grande, Placid"]
[Black "Lopez Martinez, Angel I"]
[Result "0-1"]
[WhiteElo "1197"]
[BlackElo "1486"]
[PlyCount "72"]
[EventDate "2018.02.09"]
[EventType "swiss"]
[EventRounds "9"]
[EventCountry "ESP"]
[SourceTitle "EXT 2019"]
[Source "ChessBase"]
[SourceDate "2018.10.10"]
[SourceVersion "1"]
[SourceVersionDate "2018.10.10"]
[SourceQuality "1"]

1. d4 Nf6 2. Bf4 g6 3. e3 d6 4. Be2 Bg7 5. h3 0-0 6. Nf3 c5 7. 0-0 Qb6 8. b3 Nc6 9. a3 cxd4 10. exd4 Nd5 11. Qd2 Nxf4 12. Qxf4 Nxd4 13. Qd2 Nxe2+ 14. Qxe2 Bxa1 15. Nbd2 Bg7 16. Ng5 Qa5 17. Nc4 Qxg5 18. Ne3 Bxh3 19. Qf3 Be6 20. Re1 h5 21. c4 Be5 22. Nf1 Qf4 23. Re4 Qxf3 24. gxf3 Bf5 25. Re1 h4 26. Ne3 Be6 27. Nd5 Bxd5 28. cxd5 Kg7 29. Re4 Rh8 30. f4 Bf6 31. Kh2 Rh5 32. Kh3 Rxd5 33. Re3 Rc8 34. Kg4 Rc2 35. Rf3 Rdd2 36. f5 Rxf2 0-1

[Event "Sabadell Coral Colon op 12th"]
[Site "Sabadell"]
[Date "2018.02.09"]
[Round "1"]
[White "Lopez Martinez, Angel I"]
[Black "Cruz, Jefferson"]
[Result "0-1"]
[WhiteElo "1486"]
[BlackElo "1923"]
[PlyCount "33"]
[EventDate "2018.02.09"]
[EventType "swiss"]
[EventRounds "9"]
[EventCountry "ESP"]
[SourceTitle "EXT 2019"]
[Source "ChessBase"]
[SourceDate "2018.10.10"]
[SourceVersion "1"]
[SourceVersionDate "2018.10.10"]
[SourceQuality "1"]

1. e4 e5 2. Nf3 Nc6 3. Bb5 a6 4. Ba4 Nf6 5. 0-0 Be7 6. Re1 b5 7. Bb3 d6 8. c3 0-0 9. d4 Bg4 10. Be3 d5 11. exd5 e4 12. dxc6 exf3 13. gxf3 Bh5 14. Bg5 Bd6 15. Qd3 Qc8 16. Bxf6 Qh3 17. Be5 0-1

[Event "Roncana op-B 10th"]
[Site "Santa Eulalia de Roncana"]
[Date "2016.10.01"]
[Round "2"]
[White "Casares Bonals, Asier"]
[Black "Lopez Martinez, Angel I"]
[Result "1/2-1/2"]
[WhiteElo "1161"]
[BlackElo "1512"]
[PlyCount "59"]
[EventDate "2016.09.24"]
[EventType "swiss"]
[EventRounds "8"]
[EventCountry "ESP"]
[SourceTitle "EXT 2018"]
[Source "ChessBase"]
[SourceDate "2017.10.13"]
[SourceVersion "1"]
[SourceVersionDate "2017.10.13"]
[SourceQuality "1"]

1. e4 c5 2. Nf3 d6 3. d4 cxd4 4. Nxd4 Nf6 5. Nc3 g6 6. Be3 Bg7 7. f3 Nc6 8. Bc4 0-0 9. Bb3 Bd7 10. Qd2 Rc8 11. 0-0-0 Ne5 12. Kb1 Nc4 13. Bxc4 Rxc4 14. g4 b5 15. h4 b4 16. Nce2 a5 17. b3 Rc7 18. Bh6 Bxh6 19. Qxh6 a4 20. h5 axb3 21. cxb3 Rc5 22. hxg6 fxg6 23. g5 Nh5 24. Ng3 Rf7 25. Nxh5 gxh5 26. Rxh5 Rg7 27. Rh2 Rcxg5 28. f4 R5g6 29. Qh4 Rg4 30. Qf2 1/2-1/2

[Event "Llinars del Valles op-B 10th"]
[Site "Llinars del Valles"]
[Date "2016.05.21"]
[Round "7"]
[White "Zheng, Hong Wei"]
[Black "Lopez Martinez, Angel I"]
[Result "1/2-1/2"]
[WhiteElo "1358"]
[BlackElo "1538"]
[PlyCount "49"]
[EventDate "2016.04.02"]
[EventType "swiss"]
[EventRounds "9"]
[EventCountry "ESP"]
[SourceTitle "CBM 172 Extra"]
[Source "ChessBase"]
[SourceDate "2016.06.21"]
[SourceVersion "1"]
[SourceVersionDate "2016.06.21"]
[SourceQuality "1"]

1. e4 c5 2. b3 Nc6 3. Bb2 d6 4. Bd3 Nf6 5. f4 Bg4 6. Ne2 Nd4 7. Nbc3 e6 8. h3 Bxe2 9. Nxe2 e5 10. Bxd4 cxd4 11. Bb5+ Nd7 12. 0-0 a6 13. Bxd7+ Qxd7 14. c3 dxc3 15. Nxc3 Be7 16. Nd5 Bd8 17. d4 exd4 18. Qxd4 0-0 19. Rf3 Qe6 20. Rg3 g6 21. f5 Qe5 22. Qxe5 dxe5 23. Rc1 Bh4 24. Rgc3 gxf5 25. exf5 1/2-1/2

[Event "Roncana op-B 6th"]
[Site "Santa Eulalia de Roncana"]
[Date "2012.11.17"]
[Round "6"]
[White "Sola Montoya, Josep"]
[Black "Lopez Martinez, Angel I"]
[Result "1/2-1/2"]
[WhiteElo "1616"]
[BlackElo "1534"]
[PlyCount "49"]
[EventDate "2012.10.06"]
[EventType "swiss"]
[EventRounds "8"]
[EventCountry "ESP"]
[SourceTitle "EXT 2024"]
[Source "ChessBase"]
[SourceDate "2023.10.10"]
[SourceVersion "1"]
[SourceVersionDate "2023.10.10"]
[SourceQuality "1"]

1. d4 d5 2. c4 e6 3. Nc3 Nf6 4. Bg5 c6 5. e3 Nbd7 6. Nf3 Bb4 7. Be2 Qa5 8. Bxf6 Bxc3+ 9. bxc3 Qxc3+ 10. Nd2 Nxf6 11. 0-0 Qa5 12. f4 0-0 13. Qc2 Bd7 14. Rf3 Rac8 15. Bd3 b5 16. c5 Qd8 17. g4 e5 18. fxe5 Nxg4 19. Bxh7+ Kh8 20. Bf5 Nxe3 21. Rh3+ Kg8 22. Bh7+ Kh8 23. Bf5+ Kg8 24. Bh7+ Kh8 25. Bf5+ 1/2-1/2